MDQL
is popping MORE tags! Check the
thread
!
Quizzes
Events
Quiz Creation
Community
Videos
Private Events
Remove Ads
Sign In
Join for FREE
Feedback
Dark Mode
Quiz Categories
Sports
Geography
Music
Movies
Television
Just For Fun
Miscellaneous
History
Literature
Language
Science
Gaming
Entertainment
Religion
Holiday
For Kids
Quiz Lab
Recent
Popular Today
Quiz Kudos Today
Editor Picks
Curator Picks
Quizzes by...
Day
Popularity
Type
Ratings
Length
Year
Community
Subscriptions
Recent Discussions
Orange Saloon
Badges
Playlists
Quests
Create
Leaderboards
Showdown
Live 5
Trivia Bingo
Activity
Puzzle Library
Sporcle Events
Private Events
Virtual Trivia
Globe League
Become a Host
Pub Owners
SporcleCon
Opinionation
Our Games
Videos
Blog
Mobile Apps
Partnerships
Remove Ads and Go Orange
Feedback
Entertainment
Celebrity
Famous
Musical
Broadway
Show
Quote
Comic Books
Anime
Superhero
DC Comics
Marvel
Cartoons
Animation
Entertainment
Celebrity
Famous
Musical
Broadway
Show
Quote
Comic Books
Anime
Superhero
DC Comics
Marvel
Cartoons
Animation
Random Quiz
Search Sporcle
×
Quiz Lab
Quiz Lab
Entertainment
Pokémon
Type in answers that appear in a list
Type in answers that appear in a list
Classic
Best Score? Go Orange.
Name the Alola Pokemon (as of 9/15/16) Stats
Can you name the Name the Alola Pokemon (as of 9/15/16)?
By
Creeper5484
11m
59 Questions
21 Plays
21 Plays
21 Plays
Comments
Comments
Give Quiz Kudos
Give Quiz Kudos
-
- Ratings
hide this ad
Replay
Link that replays current quiz
Next Quiz
Link to next quiz in quiz playlist
You Got
0%
They Got
Avg Score
35%
Avg Friend Score
Upgrade to see
Score Distribution
Jump to the score distribution portion of the page
Score
0/59
Timer
11:00
0
Plays Today
Hint
Answer
% Correct
53
Rowlet
85.7%
9
Popplio
81%
58
Litten
81%
7
Yungoos
61.9%
10
Solgaleo
61.9%
15
Lunala
61.9%
6
Pikipek
57.1%
11
Tapu Koko
57.1%
27
Comfey
57.1%
33
Gumshoos
57.1%
29
Mimikyu
52.4%
59
Bruxish
52.4%
24
Rockruff
47.6%
22
Vikavolt
47.6%
28
Mudsdale
47.6%
30
Wimpod
47.6%
35
Mudbray
47.6%
60
Cutiefly
47.6%
1
Type: Null
42.9%
12
Magearna
42.9%
14
Grubbin
42.9%
16
Salandit
42.9%
21
Charjabug
42.9%
26
Bewear
42.9%
13
Togedemaru
38.1%
32
Lurantis
38.1%
55
Stufful
38.1%
56
Turtonator
38.1%
57
Sandygast
38.1%
2
Jangmo-O
33.3%
Hint
Answer
% Correct
8
Drampa
33.3%
23
Komala
33.3%
25
Bounsweet
33.3%
46
Pyukumuku
33.3%
52
Crabrawler
33.3%
4
Alolan Rattata
28.6%
5
Alolan Raticate
28.6%
34
Minior
28.6%
40
Alolan Sandshrew
28.6%
41
Alolan Sandslash
28.6%
42
Alolan Vulpix
28.6%
43
Alolan Ninetales
28.6%
44
Alolan Exeggutor
28.6%
45
Morelull
28.6%
49
Alolan Marowak
28.6%
31
Fomantis
23.8%
50
Alolan Raichu
23.8%
51
Alolan Meowth
23.8%
54
Palossand
19%
20
Zygarde Complete Form
4.8%
17
Zygarde's Cores and Cells
0%
18
Zygarde 10% Form
0%
19
Zygarde 50% Form
0%
36
Oricorio (Baile Style)
0%
37
Oricorio (Pom-Pom Style)
0%
38
Oricorio (Pa'u Style)
0%
39
Oricorio (Sensu Style)
0%
47
Wishiwashi (Solo Form)
0%
48
Wishiwashi (School Form)
0%
Quiz Playlist
Details
Report
Send in Message
Add To Playlist
Classic:
Type in answers that appear in a list
Last Updated: Feb 16, 2017
Quiz Scoreboard
CHALLENGE
Sign Up to Join the Scoreboard
Show All
Scores
Hide
Comments
May contain spoilers
Recently Published
Two Season TV Shows II
by 123Four
Television
10m
Image Sorting: Flags VI
by Barbecue
Geography
2m
Find the 'City' Movie
by crazypaving
Movies
60s
More to Explore
Quiz From the Vault
Featured Blog Post
14 Easter Pick-up Lines to Find Eggs With
hide this ad
You Might Also Like...
Tags
Pokémon Quiz
Today's Top Quizzes in Entertainment
Browse Entertainment
hide this ad
Today's Top Quizzes in Pokémon
Browse Pokémon
Top Contributed Quizzes in Entertainment
1
Marvel Classic Character Map
2
Dragon Ball Z: Goku's Fights in Order
3
Movie-Themed Roller Coasters
4
Marvel Characters Bunker
5
Who stole Onew's chicken? (KPOP LOGIC QUIZ)
6
Sorting Pictures: Villains
7
JoJo's Bizarre Logic Quiz
8
Harry Styles-Are you no.1 fan
9
Celebrity Spelling Bee
10
This is Your Life: Edward Elric
Explore More
Trending Topics
Anime
Harry Potter
Crossword
Marvel
NBA
Disney
Kpop
Pokémon
Song
The Office
NFL
Soccer
WWE
Puzzle
Country
hide this ad
More By:
Creeper5484
Quiz
Plays
Rating
Category
Featured
Created
Papas Cheeseria Characters
116
Gaming
Jun 30, 2015
Name the Alola Pokemon (as of 9/15/16)
21
Entertainment
Sep 16, 2016
Go to Creator's Profile
Score Distribution
Quiz Creator Spotlight
Creeper5484
Follow
Send a Message
Quizzes Created
-
Created Quiz Play Count
-
More By This Creator
Popular Quizzes Today
1
Find the US States - No Outlines Minefield
2
Colored Red Africa Blitz
3
Find the 'City' Movie
4
5x2 Blitz: Bands
5
The Countries of the World
6
Find the Countries of Europe - No Outlines Minefield
7
Find the US States
8
US States
More Entertainment Quizzes
Famous Faces
Published
Trending Quizzes
Colored Red Europe Blitz I
Colored Red Africa Blitz II
Colored Red Europe Blitz II
Colored Red Europe Blitz III
Colored Red Africa Blitz III
Recently Updated
How Do You Spell That?
pecheneg
Godzilla Movies
pecheneg
Grab Bag: 4-10 Letters
pecheneg
2024 March Madness Bracket
pecheneg
Famous TV Couples
Peacemaker
Champions League XIs: Real Madrid
pecheneg
Largest US Cities 1790-2010
pecheneg
Rides in Walt Disney World
pecheneg
Most Oscar Losses (Acting)
pecheneg
Beyoncé Albums
pecheneg
Trending Topics
Disney
Crossword
NBA
Harry Potter
Marvel
Kpop
Anime
NFL
WWE
Puzzle
Soccer
Country
Song
The Office
Pokémon
Your Account Isn't Verified!
In order to create a playlist on Sporcle, you need to verify the email address you used during registration. Go to your
Sporcle Settings
to finish the process.
Report this User
Report this user for behavior that violates our
Community Guidelines
.
Details:
Send Report
Go to the Sporcle.com Mobile Site →
Comments